Central Library OPAC University of Rajshahi

Red Indian folk and fairy tales / (Record no. 6387)

MARC details
000 -LEADER
fixed length control field 00660nam a2200205 a 4500
001 - CONTROL NUMBER
control field 6387
003 - CONTROL NUMBER IDENTIFIER
rucl marc code BD-RjUL
005 - DATE AND TIME OF LATEST TRANSACTION
control field 20211208234232.0
008 - FIXED-LENGTH DATA ELEMENTS--GENERAL INFORMATION
fixed length control field 160621r19671960nyua 000 1 eng
035 ## - SYSTEM CONTROL NUMBER
System control number (BD-RjUL)6427
040 ## - CATALOGING SOURCE
Original cataloging agency DLC
Transcribing agency FO
Modifying agency OCoLC
-- DLC
-- BD-RjUL
Language of cataloging eng
041 ## - LANGUAGE CODE
Language code of text/sound track or separate title eng
082 ## - DEWEY DECIMAL CLASSIFICATION NUMBER
Edition number 23
Classification number 398.2
Author mark and year MAR 1967
100 1# - MAIN ENTRY--PERSONAL NAME
Personal name Manning-Sanders, Ruth,
9 (RLIN) 20122
245 10 - TITLE STATEMENT
Title Red Indian folk and fairy tales /
Statement of responsibility, etc. Ruth Manning-Sanders, Illustrated by C. Walter Hodges.
260 ## - PUBLICATION, DISTRIBUTION, ETC. (IMPRINT)
Place of publication, distribution, etc. London :
Name of publisher, distributor, etc. Oxford University press,
Date of publication, distribution, etc. c1960 [Reprinted 1967].
300 ## - PHYSICAL DESCRIPTION
Pagination 222 p. :
Illustrations ill. ;
Size 21 cm.
651 ## - SUBJECT ADDED ENTRY--GEOGRAPHIC NAME
Geographic name Indians of North America
Form subdivision Folklore.
9 (RLIN) 133211
942 ## - ADDED ENTRY ELEMENTS (KOHA)
Source of classification or shelving scheme Dewey Decimal Classification
Koha item type Books
Holdings
Lost status Source of classification or shelving scheme Damaged status Not for loan Collection code Permanent Location Current Location Shelving location Date acquired Source of acquisition Cost, normal purchase price Total Checkouts Full call number Date last seen Copy number Koha item type
  Dewey Decimal Classification     Non-fiction Central Library, University of Rajshahi Central Library, University of Rajshahi   17/07/1968 Swets + Zetlinger 0.00   398.2 MAR 1967 11/01/2014 C-2 Books
  Dewey Decimal Classification     Non-fiction Central Library, University of Rajshahi Central Library, University of Rajshahi   17/07/1968 Swets + Zetlinger     398.2 MAR 1967 21/06/2016 C-3 Books